000 00746nam a22002417a 4500
003 DO-SdBNP
005 20211206110847.0
007 ta
008 211202b2018 dr ||||| |||| 00| p spa d
020 _a9789945608199
040 _aDO-SdBNP
_bspa
_cBNPHU
082 4 _222
_bF995a
100 1 _aFuster Lavín, Ana María,
_d1967-
_9248
245 1 0 _aAl otro lado, el puente /
_cAna María Fuster Lavín.
260 _aSan Juan, Puerto Rico :
_bIsla Negra Editores,
_c2018.
300 _a88 p. ;
_c22 cm.
490 _aFilo de juego
500 _aIncluye datos biográficos de la autora en la solapa de la cubierta.
590 _aInventariado, 2021 /LP
830 0 _aFilo de juego
_91014
910 _aLopérez.
942 _2ddc
_cLBS1
999 _c51092
_d51092